| 000 | 00000nam##2200000za#4500 |
| 001 | 9.615545 |
| 003 | CaOODSP |
| 005 | 20200514165629 |
| 007 | ta |
| 008 | 150406|2000||||xxc||||| f|0| 0 eng|d |
| 020 | |a0-662-30196-X |
| 040 | |aCaOODSP|beng |
| 043 | |an-cn--- |
| 086 | 1 |aNH18-23/53E |
| 110 | 2 |aCanada Mortgage and Housing Corporation. |
| 245 | 10|aThree studies on municipal infrastructure: alternative financing methods, demand management and public-private partnerships |
| 260 | |aOttawa - Ontario : |bCanada Mortgage and Housing Corporation |c2000. |
| 300 | |a3p. : |btables ; |c28 cm. |
| 490 | 1 |aResearch highlight. Socio-economic series |v53 |
| 563 | |aPamphlet |
| 590 | |a01-11|b2001-03-16 |
| 690 | 07|aUrban communities|2gcpds |
| 690 | 07|aCommunity services|2gcpds |
| 690 | 07|aCosts|2gcpds |
| 690 | 07|aFunding|2gcpds |
| 775 | 08|tTrois études sur l'infrastructure municipale: mécanismes de financement, gestion de la demande et partenariats publics-privés |w(CaOODSP)9.625605 |
| 776 | 0#|tThree studies on municipal infrastructure : |w(CaOODSP)9.571722 |
| 830 | #0|aResearch highlight. Socio-economic series ;|v53|w(CaOODSP)9.514827 |
| 986 | |aNHA 60975 |